000 01576nam a2200361 c 4500
999 _c153125
_d153125
003 BLK
005 20230405030314.0
008 180410b bul|||||r ||||||| ||bul||
010 _aKNG00159644000
020 _a978-954-07-3488-0
040 _aBLK
041 _aBUL
_cBUL
072 7 _2bullib
_aН82
_xЛитературознание Н
080 _aБългарска литература
_b821.163.2
_x(092)
_z821.163.2(092)
080 _aБългарска литература
_b821.163.2
_x-1.09
_z821.163.2-1.09
080 _aБългарски поет и културолог
_b929 Дойнов, Николай Георгиев
_z929 Дойнов, Николай Георгиев
100 1 _aИлчева, Маргарита
_eпърви автор
_9331973
139 _aИлчева, Маргарита
_bИ 58
245 1 0 _aМетафора и мит в поетичния свят на Николай Дойнов
_cМаргарита Илчева.
257 _aBGR
260 _bУнив. изд. Св. Климент Охридски
_c2013
300 _a79 с.
_c20 см
380 _a82
600 1 4 _aДойнов, Николай Георгиев
_9380850
650 4 _aЛитературознание, българско
_9262282
653 _aлитературознание
659 _aН
852 _aЦб 267453
856 4 _qpdf
856 4 _qpdf
942 _cKNG
_n0
_01
944 _aCR
_c11.04.2014
_kВиолета_Тройчева
944 _aED
_c07.01.2015
_kГрета_Цуфелде
999 _d153125